Asamiya sanskritir kanika (Record no. 2284)
[ view plain ]
| 000 -LEADER | |
|---|---|
| fixed length control field | 00504cam a2200205ua 4500 |
| 008 - FIXED-LENGTH DATA ELEMENTS--GENERAL INFORMATION | |
| fixed length control field | 160802n ii |||gr||||Z||||||asm |
| 040 ## - CATALOGING SOURCE | |
| Transcribing agency | MAIN |
| 041 ## - LANGUAGE CODE | |
| -- | asm |
| 082 ## - DEWEY DECIMAL CLASSIFICATION NUMBER | |
| Classification number | 398.09145 |
| 100 ## - MAIN ENTRY--PERSONAL NAME | |
| Personal name | ed. by Das, Narayan., |
| 245 ## - TITLE STATEMENT | |
| Title | Asamiya sanskritir kanika |
| Statement of responsibility, etc. | ed. by Narayan Das |
| 250 ## - EDITION STATEMENT | |
| Edition statement | 2nd. |
| 260 ## - PUBLICATION, DISTRIBUTION, ETC. | |
| Place of publication, distribution, etc. | Guahati: |
| Name of publisher, distributor, etc. | Chandra prakash,998. |
| 300 ## - PHYSICAL DESCRIPTION | |
| Extent | 190p: |
| Dimensions | 23cm. |
| 700 ## - ADDED ENTRY--PERSONAL NAME | |
| Personal name | Rajbangshi, Paramananda, |
| 942 ## - ADDED ENTRY ELEMENTS (KOHA) | |
| Koha item type | Books |
| 653 ## - INDEX TERM--UNCONTROLLED | |
| Uncontrolled term | Folklore |
| 653 ## - INDEX TERM--UNCONTROLLED | |
| Uncontrolled term | Assamese culture |
| Withdrawn status | Lost status | Damaged status | Not for loan | Home library | Current library | Shelving location | Date acquired | Total Checkouts | Full call number | Barcode | Date last seen | Copy number | Price effective from | Koha item type |
|---|---|---|---|---|---|---|---|---|---|---|---|---|---|---|
| Central Library, Naharkatiya College | Central Library, Naharkatiya College | General Stacks | 19/09/2020 | 398.09145 | RAJ | 10814 | 19/09/2020 | 3 | 19/09/2020 | Books | |||||
| Central Library, Naharkatiya College | Central Library, Naharkatiya College | General Stacks | 19/09/2020 | 398.09145 | RAJ | 10815 | 19/09/2020 | 2 | 19/09/2020 | Books | |||||
| Central Library, Naharkatiya College | Central Library, Naharkatiya College | General Stacks | 19/09/2020 | 398.09145 | RAJ | 10816 | 31/08/2023 | 4 | 19/09/2020 | Books | |||||
| Central Library, Naharkatiya College | Central Library, Naharkatiya College | General Stacks | 19/09/2020 | 398.09145 | RAJ | 7750 | 19/09/2020 | 1 | 19/09/2020 | Books | |||||
| Central Library, Naharkatiya College | Central Library, Naharkatiya College | General Stacks | 19/09/2020 | 398.09145 | RAJ | 7751 | 19/09/2020 | 5 | 19/09/2020 | Books |
